000 00468nam a2200181Ia 4500
001 51724
008 140503s9999 xx 000 0 und d
020 _a9789380853154
040 _cPK-LaUMT
082 _a 515
_bDEN-E
100 _aDenlinger, Charles G.
245 _aElements of real analysis
_cDenlinger, Charles G.
260 _aNew Dehli,India:
_bJones and Barlett India,
_c2011
300 _a737 p.
546 _aEN
650 _aReal analysis
942 _cBK
999 _c49193
_d49193